Elden Ring infamous quotes - Statistics

General Stats
  • This quiz has been taken 11 times
    9 since last reset
  • The average score is 6 of 8
Answer Stats
Quote Speaker % Correct
"Foul tarnished... boldened by the flame of ambition..." Margit, the Fell Omen
100%
"I command thee kneel!" Godrick the Grafted
89%
"... And I have never known defeat." Malania, blade of Miquella
89%
"Togethaaa... we will devouahhh..." Rykard, Lord of Blasphemy
89%
"A man cannot kill... a god..." Sir Gideon Ofnir - the All-Knowing
89%
"CURSE YOU BAYLE!!" Drake Warrior Igon
67%
"You are maidenless." White mask Varré
67%
"All vessels are one day destined to break..." Iron Fist Alexander
33%
No matching quizzes found
Score Distribution
Percent of People with Each Score
Percentile by Number Answered
Your Score History
You have not taken this quiz since the last reset